01373cam a22003377a 4500003000500000005001700005008004100022010001000063011001000073035001000083040000900093090001000102100004500112245016200157260003700319300004000356502011200396590003700508590004100545590004100586590004100627590004200668650003700710650003600747901000700783905002600790942001000816949005700826999001700883952013500900CHAP20220329142646.0010920d2001 mx r 00110 spa d a86104 a87076 a97617 cCHAP aTesis00aGómez del Río, José Manuel.94967410aIncidencia y severidad de la Sigatoka negra (Mycosphaerella fijiensis Morelet) del plátano en Atoyac de Alvarez, Gro.c/por José Manuel Gómez del Río aCocula, Gro. :bEl autor,c2001. a44 h. :bilus. , gráfs. ; cuadros aTesis (Ing. Agr.) -- Colegio Superior Agropecuario del Estado de Guerrero. Centro de Estudios Profesionales aALEPHb10c20130110lUCH01h1448 aBATCH-UPDb10c20130110lUCH01h0637 aBATCH-UPDb10c20130410lUCH01h0321 aBATCH-UPDb10c20130914lUCH01h1549 aCONVERSIONb10c20130109lUCH01h134814aMycosphaerella fijiensis.97993314aPlátanoxEnfermedades.989231 aBK aAlejandra Carrasco M. cTESIS aTesisbBCcTESd33724000874988eTS1h39692i97617sb c86104d86104 00102local4051708TESISaBCbBCcPA_TESISd2019-12-31fTESISl0oTesisp33724000874988r2019-12-31 00:00:00w2019-12-31yTESIS